Human embryology and developmental biology (Record no. 393767)

MARC details
000 -LEADER
fixed length control field 00558 a2200217 4500
005 - DATE & TIME
control field 20260129111214.0
008 - FIXED-LENGTH DATA ELEMENTS--GENERAL INFORMATION
fixed length control field 260128b |||||||| |||| 00| 0 eng d
020 ## - ISBN
International Standard Book Number 9780323881685
Price $ 84.99
040 ## - CATALOGING SOURCE
Original cataloging agency VIVEKANANDA LIBRARY
082 ## - DDC NUMBER
Classification number 611.013
Book Number C381H(7)
100 ## - MAIN ENTRY--PERSONAL NAME
Personal name Carlson, Bruce M
245 ## - TITLE STATEMENT
Title Human embryology and developmental biology
250 ## - EDITION STATEMENT
Edition statement 7th
260 ## - PUBLICATION, DISTRIBUTION, ETC. (IMPRINT)
Name of publisher, distributor, etc Elsiver
Date of publication, distribution, etc 2024
Place of publication, distribution, etc Philadelphia
300 ## - PHYSICAL DESCRIPTION
Pages xii, 512
650 ## - Subject
Subject Human Anatomy
650 ## - Subject
Subject Human Embryology
650 ## - Subject
Subject Development Biology
650 ## - Subject
Subject Germ Cell
942 ## - ADDED ENTRY ELEMENTS (KOHA)
Koha item type Books
Holdings
Withdrawn status Lost status Source of classification or shelving scheme Damaged status Not for loan Location (home branch) Sublocation or collection (holding branch) Shelving location Date acquired Koha issues (times borrowed) Koha full call number Accession No. Koha date last seen Koha item type
    Dewey Decimal Classification     VIVEKANANDA LIBRARY VIVEKANANDA LIBRARY Vivekananda Library 03/12/2025   611.013 C381H(7) 443501 03/12/2025 Books
© Designed and Maintained by Vivekananda Library, MDU Rohtak